Norse God or IKEA Model - Statistics

General Stats
  • This quiz has been taken 102 times
  • The average score is 10 of 15
Answer Stats
Question Answer % Correct
TYR Norse god
89%
UTEBORGA IKEA model
80%
VINDKRAFT IKEA model
80%
GRÖNLID IKEA model
78%
BRAGI Norse god
78%
ASKVOLL IKEA model
75%
RÄSKOG IKEA model
74%
HODR Norse god
73%
VIDAR Norse god
65%
SKADI Norse god
65%
HEMNES IKEA model
64%
FORSETI Norse god
64%
VALLHORN IKEA model
59%
GEFJON Norse god
36%
SNOTRA Norse god
34%
No matching quizzes found
Score Distribution
Percent of People with Each Score
Percentile by Number Answered
Your Score History
You have not taken this quiz